000 00523nam a22001937a 4500
003 OSt
005 20140310182843.0
008 130610t xxu||||| |||| 00| 0 eng d
050 _aHM 216
_b.H986 1958
082 _aM 823.91221
_bH98 1958
245 _aBrave new world revisited /
_cHuxley, Aldous
260 _aNew York :
_bHarper & Row, Publishers,
_c1958
300 _aviii, 118 p. :
_b18 cm.
521 _acollege students
526 _c1210L-1700L
541 _j1
562 _e1
942 _2lcc
_cBK
_kM
999 _c16885
_d16885